Races ovines françaises - Statistiques

Statistiques générales
  • Ce quiz a été pris 477 fois
  • Le résultat moyen est 31 sur 57
Statistiques - réponses
Par images Réponse % Correct
Est à laine mérinos
84%
Rouge de l'Ouest
81%
Rouge du Roussillon
81%
Suffolk
81%
Texel
80%
Mérinos d'Arles
79%
Mérinos de Rambouillet
79%
Mérinos précoce
79%
Charollais
78%
Ile de France
78%
Lacaune
76%
Limousine
71%
Vendéen
71%
Berrichon du Cher
70%
Bleu du Maine
69%
Ouessant
68%
INRA 401 / Romane
67%
Berrichon de l'Indre
64%
Romanov
63%
Basco-béarnaise
62%
Causses du Lot
62%
Corse
62%
Rava
62%
Solognote
62%
Blanc du massif central
60%
Charmoise
60%
Hampshire
60%
Noir du Velay
60%
Thônes et Marthod
60%
Cotentin
54%
Manech noire
54%
Southdown
53%
Grivette
52%
Bizet
51%
Boulonnaise
50%
Mourerous
50%
Préalpes du sud
50%
Avranchin
47%
Roussin de la Hague
45%
Martinik
44%
Clun forrest
43%
Tarasconnais
43%
Manech Rousse
42%
Finnoise
38%
Landaise
36%
Landes de Bretagne
32%
Raïole
29%
Montagne noire
28%
Belle île
27%
Castillonaise
27%
Sasi ardi
25%
Brigasque
22%
Lourdaise
21%
Caussenarde des Garrigues
19%
Dorest Down
19%
Auroise
17%
Barèges Gavarnie
10%
Aucun quiz correspondant
Distribution des résultats
% des personnes avec chaque résultat
Percentile par nombre de réponses
Votre historique - résultats
Vous n’avez pas pris ce quiz